Indian Society/ (Record no. 208427)

MARC details
000 -LEADER
fixed length control field 00628nam a22002057a 4500
005 - DATE AND TIME OF LATEST TRANSACTION
control field 20250113151420.0
010 ## - LCCN (DPL NO)
LC control number ENG-143361
020 ## - INTERNATIONAL STANDARD BOOK NUMBER
Terms of availability 350.00
International Standard Book Number 9789355327437
035 ## - SYSTEM CONTROL NUMBER
System control number EN-126893
037 ## - SOURCE OF ACQUISITION
Source of stock number/acquisition DBAD
082 ## - DEWEY DECIMAL CLASSIFICATION NUMBER
Classification number 000
100 ## - MAIN ENTRY--PERSONAL NAME
Personal name Ayushi Singh
245 ## - TITLE STATEMENT
Title Indian Society/
Statement of responsibility, etc by Ayushi Singh [and] Nityanand Jha
250 ## - EDITION STATEMENT
Edition statement 1
260 ## - PUBLICATION, DISTRIBUTION, ETC. (IMPRINT)
Place of publication, distribution, etc Chennai
Name of publisher, distributor, etc McGraw Hill Education Private Ltd
Date of publication, distribution, etc 2023
270 ## - ADDRESS
Address Anjana Complex, No. 5/90A, Butt Road, St Thomas Mount
City Chennai
Postal code 600016
300 ## - PHYSICAL DESCRIPTION
Extent 194p.
Dimensions 24cm(pb)
700 ## - ADDED ENTRY--PERSONAL NAME
Personal name Jha, Nityanand
Relator term Author
9 (RLIN) 76472
942 ## - ADDED ENTRY ELEMENTS (KOHA)
Source of classification or shelving scheme Dewey Decimal Classification
Item type English Books
Call number suffix AYU
Classification part 000
Holdings
Withdrawn status Lost status Not for loan Collection code Home library Current library Date acquired Source of acquisition Cost, normal purchase price Full call number Barcode Copy number Cost, replacement price Koha item type
      Non-fiction Central Library Central Library 13/01/2025 Delivery of Books Act Division 350.00 AYU 000 EN-126893 1 350.00 English Books

© Delhi Public Library
Hit Counter
free hit counter